| 000 | 01165cam a2200337 a 4500 | ||
|---|---|---|---|
| 001 | 3114 | ||
| 003 | BD-RjUL | ||
| 005 | 20211208233658.0 | ||
| 008 | 131218s1980 rura b 000 1beng | ||
| 035 | _a(BD-RjUL)3148 | ||
| 035 | _a(BD-RjUL) | ||
| 040 |
_aDLC _beng _cDLC _dDLC _dOCoLC _dLC _dBD-RjUL |
||
| 041 | 1 | _aengrus | |
| 082 | 0 | 0 |
_a947.08410924 _219 |
| 082 | 0 | 0 |
_aB _219 _bABO |
| 245 | 1 | 0 | _aAbout Lenin / |
| 246 | _aRasskazy o Lenine. | ||
| 260 |
_aMoscow ; _bProgress Publishers ; _aChicago, Ill. (320 West Ohio St., Chicago Ill. 60610) : _bImported by Imported Publications [Distributor], _cc1980. |
||
| 300 |
_a275 p. : _bill. ; _c27 cm. |
||
| 500 | _aTranslation of: Rasskazy o Lenine. | ||
| 500 | _aDistributor from label on cover. | ||
| 504 | _aIncludes bibliographical references. | ||
| 600 | 1 | 0 |
_aLenin, Vladimir Ilich, _d1870-1924. _9117089 |
| 600 | 1 | 0 |
_aLenin, Vladimir Ilich, _d1870-1924 _xFiction. _9117088 |
| 650 | 0 |
_aHeads of state _zSoviet Union _xBiography. _99865 |
|
| 650 | 0 |
_aShort stories, Russian. _99866 |
|
| 650 | 0 |
_aRussian fiction _y20th century. _99867 |
|
| 942 |
_2ddc _cBK |
||
| 999 |
_c3114 _d3114 |
||